=LDR 00000nam 2200000 4500 =001 INLIS000000000007832 =005 20130612095753 =008 ***********************************Ind** =035 ##$$0010-061300000007832 =041 ##$$a Ind =082 ##$$a 361.61 =090 ##$$a 361.61, Alf t =100 ##$$a Alfian =245 ##$$a Transformasi sosial budaya dalam pembangunan nasional, Alfian =260 ##$$a 1986 $b Jakarta =300 ##$$a xviii, 284 hlm, 23 cm =650 ##$$a Politik-sosial